| 000 | 00491 a2200157 4500 | ||
|---|---|---|---|
| 999 |
_c9249 _d9249 |
||
| 020 | _a9780814783870 | ||
| 050 | _aKF 8936 SAK 2016 | ||
| 100 | _aSaks, Michael J. | ||
| 245 |
_aThe psychological foundations of evidence law/ _cMichael J. Saks and Barbara A. Spellman |
||
| 264 |
_aNew York: _bNew York University Press, _c2016 |
||
| 300 | _a325p.: | ||
| 500 | _aIncludes index | ||
| 650 |
_aEvidence _xPsychological aspects |
||
| 700 | _aSpellman, Barbara A. | ||
| 942 |
_2lcc _cBK _h8936 _iSAK _kKF |
||